Central Library OPAC University of Rajshahi

The earth and the state : (Record no. 22252)

MARC details
000 -LEADER
fixed length control field 00721cam a2200229 a 4500
001 - CONTROL NUMBER
control field 22252
003 - CONTROL NUMBER IDENTIFIER
rucl marc code BD-RjUL
005 - DATE AND TIME OF LATEST TRANSACTION
control field 20211209000802.0
008 - FIXED-LENGTH DATA ELEMENTS--GENERAL INFORMATION
fixed length control field 140306s1939 nyub 001 0 eng d
035 ## - SYSTEM CONTROL NUMBER
System control number (BD-RjUL)22317
040 ## - CATALOGING SOURCE
Original cataloging agency ANL
Language of cataloging eng
Transcribing agency ANL
Modifying agency BD-RjUL
041 ## - LANGUAGE CODE
Language code of text/sound track or separate title eng
082 00 - DEWEY DECIMAL CLASSIFICATION NUMBER
Classification number 327.1011
Author mark and year WHE 1939
100 1# - MAIN ENTRY--PERSONAL NAME
Personal name Whittlesey, Derwent Stainthorpe,
Dates associated with a name 1890-1956.
9 (RLIN) 68684
245 14 - TITLE STATEMENT
Title The earth and the state :
Remainder of title a study of political geography /
Statement of responsibility, etc. by Derwent Whittlesey.
260 ## - PUBLICATION, DISTRIBUTION, ETC. (IMPRINT)
Place of publication, distribution, etc. New York :
Name of publisher, distributor, etc. Henry Holt and Company,
Date of publication, distribution, etc. c1939.
300 ## - PHYSICAL DESCRIPTION
Pagination xvii, 618 p. :
Illustrations maps (2 fold.) ;
Size 24 cm.
504 ## - BIBLIOGRAPHY, ETC. NOTE
Bibliography, etc Includes index.
650 #0 - SUBJECT ADDED ENTRY--TOPICAL TERM
Topical term or geographic name as entry element Geopolitics.
9 (RLIN) 68685
Topical term or geographic name as entry element Political geography.
9 (RLIN) 66340
942 ## - ADDED ENTRY ELEMENTS (KOHA)
Source of classification or shelving scheme Dewey Decimal Classification
Koha item type Books
Holdings
Lost status Source of classification or shelving scheme Damaged status Not for loan Collection code Permanent Location Current Location Shelving location Date acquired Source of acquisition Total Checkouts Full call number Date last seen Copy number Koha item type Cost, normal purchase price
  Dewey Decimal Classification   Added to bundle Non-fiction Central Library, University of Rajshahi Central Library, University of Rajshahi Reading Room 04/03/1957 USA   327.1011 WHE 1939 06/03/2014 C-1 Books  
  Dewey Decimal Classification     Non-fiction Central Library, University of Rajshahi Central Library, University of Rajshahi   04/03/1957 USA Gift.   327.1011 WHE 1939 08/03/2014 C-2 Books 0.00